Ballon d'or 2018 - Statistiques

Statistiques générales
  • Ce quiz a été pris 758 fois
  • Le résultat moyen est 23 sur 30
Statistiques - réponses
Rang Joueurs Nationalité Points % Correct
2 Cristiano Ronaldo Portugal 476
100%
1 Luka Modrić Croatie 753
100%
4 Kylian Mbappé France 347
99%
5 Lionel Messi Argentine 280
99%
6 Mohamed Salah Egypte 188
98%
3 Antoine Griezmann France 414
97%
12 Neymar Jr Brésil 19
96%
9 Kevin De Bruyne Belgique 29
95%
10 Harry Kane Angleterre 25
93%
13 Luis Suárez Uruguay 17
93%
17 Gareth Bale Pays de Galles 6
91%
8 Eden Hazard Belgique 119
90%
15 Paul Pogba France 9
90%
11 N'Golo Kanté France 24
89%
7 Raphaël Varane France 121
87%
14 Thibaut Courtois Belgique 12
87%
Sadio Mané Sénégal 3
82%
Hugo Lloris France 0
81%
22 Edinson Cavani Uruguay 3
80%
Karim Benzema France 6
72%
Sergio Ramos Espagne 4
59%
Ivan Rakitić Croatie 4
58%
Jan Oblak Slovénie 2
52%
16 Sergio Agüero Argentine 7
52%
Mario Mandžukić Croatie 2
48%
28 Diego Godín Uruguay 1
43%
Marcelo Brésil 3
43%
25 Alisson Brésil 2
39%
19 Roberto Firmino Brésil 4
31%
29 Isco Espagne 0
20%
Aucun quiz correspondant
Distribution des résultats
% des personnes avec chaque résultat
Percentile par nombre de réponses
Votre historique - résultats
Vous n’avez pas pris ce quiz